000 00299nam a22001217a 4500
008 170711b xxu||||| |||| 00| 0 eng d
041 _aeng
080 _a030
100 _a23
101 _aENC
245 _aTHE THORNDIKE ENCYCLOPEDIA OF BANKING AND FINANCIAL TABLES
_cTHORNDIKE,D
942 _2udc
_cBK
999 _c20222
_d20222